000 00780nam a2200277 i 4500
001 12555
003 ES-MaACL
005 20230906150337.0
007 t|
008 960822s1995 sp a |||| | spa j
020 _a84-281-0858-7
080 _a801.311
080 _a801.313
100 1 _aCaridad Arias, Joaquín.
_935242
245 1 0 _aToponimia y mito
_b: el origen de los nombres /
_cJoaquín Caridad Arias.
250 _a1ª ed.
260 _aBarcelona :
_bOikos-Tau,
_c1995.
300 _a398 p. :
_bil. ;
_c24 cm.
490 1 _aOikos textos ;
_v6
504 _aBibliografía: p. [349]-354.
650 4 _aToponimia.
_917556
650 1 4 _aAntroponimia.
_99901
830 0 _aOikos textos ;
_v6
_9228312
852 _aES-MaACL
_jL-19875
999 _c12555
_d12555